000 00509nam a2200181 a 4500
001 0580
005 20140414132035.0
008 040201s19uu xx 00 eng d
020 _a0-86788-770-2
050 _aTR
_bT41 1994
100 _aMoroney, Tracey
245 _aThree little kittens (The) /
_cIlustrated by Tracey Moroney.
260 _aChina :
_bThe five mile press,
_c1994.
300 _a1 v. (unp.) : ill. ; cm.
650 _aKittens
_xfiction.
650 _aChildren stories.
999 _c113693
_d113693